00405 a2200145 4500003000400000005001700004008004100021040000900062082001500071100002300086245007500109250001200184260005300196300001000249OSt20240905134715.0240131b |||||||| |||| 00| 0 eng d coclc a297bUSA/S aUsaimeen, Assheikh aSHARAH AQEEDA ALA WASITIYA /cAssheikh Muhammed Bin Saleh Al-Usaimeen a2nd ed. aSaudi Arabia:bThuraya Publishing House,c2005. a712p.